00574nam a2200193 a 4500001001300000003000900013005001700022008004100039020000800080082001900088100002600107245003700133260003900170300000900209500003500218505007900253650002200332700002600354nice12345678IN_TiNIC20260116011342.0050524s1967 mula grp 000 0 urd  ac400a500.80297bNAQ aNaqshbandi, Abu Masud aKhalai Taskheer Awr Quran Kareem aMultanbIdara Farogh-E-Islamc1967 a248p aincludes index and biblioraphy2 aunited nations conference on trade and development.Feb 1 to march 25 1968. aQuran and Science1 aNaqshbandi, Abu Masud